zpět

Detail výsledku týmu

U Lucerny ST, Brno

Datum a čas kvízu

37 Celkem bodů Celkový počet nahraných bodů na tomto kvízu bez doplňovacích otázek.
2. Pořadí na kvízu Konečné umístění týmu na tomto kvízu.

Zaznamenané odpovědi

# Otázka Odpověď Body Výsledky
1. Bývalého ředitele jedné pražsk... 1
2. Obyvatelům anglického města Gr... 1
3. Slovní spojení z hitu Karla Zi... 0
4. Italský módní dům Versace bude... 0
5. Můžeme si říci, že je to náhod... 0
6. Minulý týden uplynulo 80 let o... 1
7. Které z těchto sídel se nenach... 1
8. Winston Churchill po podepsání... 1
9. Německo nebylo jediným státem,... 1
10. Otázku, zda se Československo... 0